000 01751cam a2200445 a 4500
999 _c5795
_d5795
001 ocm33439775
003 OCoLC
005 20200816000232.0
008 950322r19941987enk b 001 0 eng
010 _a 95130328
015 _aGB9459098
_2bnb
020 _a0521463335
020 _a9780521463331
020 _a9780521030007
_q(pbk.)
020 _a0521030005
_q(pbk.)
029 1 _aAU@
_b000011088804
029 1 _aZWZ
_b020346182
035 _a(OCoLC)33439775
_z(OCoLC)30918998
_z(OCoLC)1168350190
_z(OCoLC)1180400586
040 _aDLC
_beng
_cDLC
_dUKM
_dFCI
_dBAKER
_dBTCTA
_dYDXCP
_dOCLCG
_dBDX
_dOCLCO
_dOCLCA
_dOCLCF
_dOCLCQ
_dDHA
_dOCLCQ
_dLUN
049 _aTZAA
050 0 0 _aJX3096
_b.C46 1994
100 1 _aCheng, Bin,
_d1921-
_94023
245 1 0 _aGeneral principles of law as applied by international courts and tribunals /
_cby Bin Cheng ; with a foreword by Georg Schwarzenberger.
260 _aCambridge ;
_aNew York :
_bCambridge University Press,
_c1994.
300 _ali, 490 pages ;
_c24 cm.
490 1 _aGrotius classic reprint series
500 _aOriginally published: Cambridge : Grotius, 1987.
504 _aIncludes bibliographical references (pages 409-438) and index.
650 0 _aInternational law.
650 0 _aInternational courts.
650 7 _aInternational courts.
_2fast
650 7 _aInternational law.
_2fast
650 7 _aDroit international.
_2ram
650 7 _aTribunaux internationaux.
_2ram
653 0 _aInternational law
830 0 _aGrotius classic reprint series.
856 4 1 _3Table of contents
_uhttp://catdir.loc.gov/catdir/enhancements/fy0659/95130328-t.html
856 4 2 _3Publisher description
_uhttp://catdir.loc.gov/catdir/enhancements/fy0659/95130328-d.html
942 _2lcc
_cBOOK